Project management : engineering, technology, and implementation / Avraham Shtub, Jonathan F. Bard, Shlomo Globerson. (Record no. 2950)
| 000 -LEADER | |
|---|---|
| fixed length control field | 00596nam a22001697a 4500 |
| 020 ## - INTERNATIONAL STANDARD BOOK NUMBER | |
| ISBN | 0131027654 |
| 082 ## - DEWEY DECIMAL CLASSIFICATION NUMBER | |
| Classification number | 658.404 |
| Item number | Sh89 1994 |
| 100 ## - MAIN ENTRY--AUTHOR NAME | |
| Personal name | Shtub, Avraham, author. |
| 245 ## - TITLE STATEMENT | |
| Title | Project management : engineering, technology, and implementation / Avraham Shtub, Jonathan F. Bard, Shlomo Globerson. |
| 260 ## - PUBLICATION, DISTRIBUTION, ETC. (IMPRINT) | |
| Place of publication | Englewood Cliffs, New Jersey : |
| Name of publisher | Prentice Hall, |
| Year of publication | c1994. |
| 300 ## - PHYSICAL DESCRIPTION | |
| Number of Pages | xxii, 634 pages ; |
| Other physical details | 25 cm. |
| 500 ## - GENERAL NOTE | |
| General note | Includes bibliographical references and index. |
| 650 ## - SUBJECT ADDED ENTRY--TOPICAL TERM | |
| Topical Term | Project management. |
| 700 ## - ADDED ENTRY--PERSONAL NAME | |
| Personal name | Bard, Jonathan F. |
| 700 ## - ADDED ENTRY--PERSONAL NAME | |
| Personal name | Globerson, Shlomo |
| 942 ## - ADDED ENTRY ELEMENTS (KOHA) | |
| Koha item type | Books |
| Source of acquisition | Permanent Location | Date acquired | Koha item type | Collection code | Accession Number | Lost status | Shelving location | Withdrawn status | Current Location | Full call number |
|---|---|---|---|---|---|---|---|---|---|---|
| School | Cagayan State University - Carig Library | 2015-01-06 | Books | Applied Sciences | 005992 | General Collection | Cagayan State University - Carig Library | 658.404 Sh89 1994 |